000 00466nas a2200181 a 4500
003 DLC
005 20210219153743.0
008 010723c 9999 r1 0 0eng d
035 _aUPN01000109946
245 0 0 _aNATIONAL GEOGRAPHIC EN ESPAÑOL
260 _aDistrito Federal, México
_bNational Geographic Society; Televisa
310 _aMensual
653 0 _aVIAJES
653 0 _aCULTURA
653 0 _aRECREACION
905 _aRevista
999 _c83855
_d83855